000 01014nam a2200145 4500
008 708 183r
020 _a9786079358389
082 _a708
_bM183r
100 _aMadrigal, Miguel Angel
_96955
245 _aEl recuerdo de lo no transitado
260 _aMéxico
_bGobierno del Estado de Morelos
_bSecretaría de Cultura de Morelos
_c2017
300 _a160 p.
_bill
_c23,5 x 17 cm
505 _tPresentación
_tel espacio como incognita o posibilidad
_rSol Henaro
_tlas columnas de invención
_rCarlos Palacios
_tel recuerdo de lo no transitado/ remembrance of the untraveled
_tsiluetas / silhouettes
_tciudad visible / visible city
_tme quiero ir en cuanto llego / i want to go as soon as i get
_tmiguel angel madrigal
_tlista de obras / lis of works
_tforeword
_tspace as the unknow or as possibility
_rSol Henaro
_tcolumns of invention
_rCarlos Palacios
_tcréditos y agradecimientos / credits and aknowledgments
650 _xarte contemporáneo
_xarte - escultura
_xarte - arquitectura
_xarte - exhibiciones
_xMéxico
_96956
999 _c1747
_d1747